000 00663nam a2200217Ii 4500
003 JO-AjNU
008 230606s9999||||xx |||||||||||||| ||und||
020 _a978-0-496-60362-7
040 _aJO-AjNU
_beng
_erda
_cJO-AjNU
041 _aeng
050 1 4 _aRC480.S355.2008
100 3 _aSharf,Richard,
_eauthor
_9665
245 0 0 _aTheories of psycotherapy and counseling concepts and cases
250 _a4 ed
264 3 1 _aAustralia:Brooks /cole,2008
300 _a658p
336 _atext
_btxt
_2rdacontent
337 _aunmediated
_bn
_2rdamedia
338 _avolume
_bnc
_2rdacarrier
650 4 _aTheories of psycotherapy and counseling concepts and cases
_9666
999 _aE351
_c351
_d351